000 00345nam a2200145Ia 4500
008 150201s2001 xx 000 0 und d
082 _a610.6
_bH01W
100 _aWHO
245 _aHEALTH RESEARCH METHODOLOGY
250 _a2ND
260 _bWHO
_aUBS
_c2001
300 _a1-237
650 _aOTHER CLINICAL & NON CLINICAL BOOKS
942 _2ddc
_cBK
999 _c463
_d463